Ekonomiczne i społeczne determinanty wzrostu gospodarczego

Gespeichert in:
Bibliographische Detailangaben
Weitere Verfasser: Jarmołowicz, Wacław
Format: Buch
Sprache:Polnisch
Englisch
Veröffentlicht: Poznań Wydawnictwo Uniwersytetu Ekonomicznego w Poznaniu 2009
Schriftenreihe:Zeszyty naukowe 121
Schlagworte:
Tags: Tag hinzufügen
Keine Tags, Fügen Sie das erste Tag hinzu!

MARC

LEADER 00000nam$a2200000$$$4500
001 0107955
005 20230120102241.3
020 |a 978-83-7417-413-8 
022 |a 1689-7374 
041 0 |a pol 
041 0 |a eng 
044 |a PL 
245 1 0 |a Ekonomiczne i społeczne determinanty wzrostu gospodarczego  |c redaktor naukowy Wacław Jarmołowicz 
264 1 |a Poznań  |b Wydawnictwo Uniwersytetu Ekonomicznego w Poznaniu  |c 2009 
300 |a 246 s. 
490 1 |a Zeszyty naukowe  |v 121 
830 0 |a Zeszyty naukowe  |v 121 
610 2 0 |a rast hospodársky 
610 2 0 |a transformácia 
610 2 0 |a trh práce 
610 2 0 |a banky 
610 2 0 |a Poľsko 
700 1 |a Jarmołowicz, Wacław